[Event "RUS-ch U18"]
[Site "Dagomys"]
[Date "2004.04.??"]
[Round "7"]
[White "Osipov, Denis"]
[Black "Ovodenko, Igor"]
[Result "0-1"]
[WhiteElo "2117"]
[BlackElo "2207"]
[PlyCount "60"]
[EventDate "2004.04.??"]
[EventType "swiss"]
[EventRounds "10"]
[EventCountry "RUS"]
[SourceTitle "EXT 2005"]
[Source "ChessBase"]
[SourceDate "2004.11.15"]
[SourceVersion "1"]
[SourceVersionDate "2004.11.15"]
[SourceQuality "1"]

1. Nf3 Nf6 2. g3 g6 3. Bg2 Bg7 4. 0-0 0-0 5. c4 d6 6. Nc3 c6 7. d3 Na6 8. h3 Bd7 9. e4 b5 10. Bg5 Rb8 11. b3 Nc5 12. Re1 Ne6 13. Be3 Ne8 14. Rc1 c5 15. cxb5 Bxb5 16. d4 Qa5 17. Nd5 Rb7 18. Bd2 Qd8 19. dxc5 Nxc5 20. Re3 e6 21. Nc3 Ba6 22. Bf1 Bxf1 23. Qxf1 a5 24. Nb1 Qb6 25. Ne1 Nf6 26. Qc4 Ncxe4 27. Qc6 Nxd2 28. Nxd2 Nd5 29. Qxb6 Rxb6 30. Re4 Nc3 0-1